| 000 | 01150cam a2200265 4500 | ||
|---|---|---|---|
| 008 | 020524n2002 000 0 eng u | ||
| 020 | _a0406947023 | ||
| 035 | _a(Sirsi) u118111 | ||
| 041 | _aeng. | ||
| 050 | _a346.410482 | ||
| 100 | _aStokes, S. | ||
| 245 | _aDigital copyright law and practice | ||
| 260 |
_aLondon _bButterworth-Tolley _c2002 |
||
| 300 |
_axxxix,342p. _c22cm. |
||
| 350 | _a69 | ||
| 520 | _aDesigned to aid a full understanding of the legal framework for digital copyright, which operates in conjunction with existing 'analogue' copyright rules regulating developments in such areas as software, databases and e-commerce. Among the issues addressed are : exceptions and defences to digital copyright infringement; the relationship between copyright and database right; digital rights management; and the implementation of the Digital Copyright Directive into UK law. | ||
| 650 | _aDIGITAL COPYRIGHT DIRECTIVE | ||
| 650 | _aSOFTWARE | ||
| 650 | _aDATABASES | ||
| 650 | _aE-COMMERCE | ||
| 650 | _aCOPYRIGHT LAW | ||
| 650 | _aMANAGEMENT-BUSINESS MANAGEMENT-INFORMATION MANAGEMENT | ||
| 690 | _aLAW | ||
| 942 | _n0 | ||
| 999 |
_c102092 _d102092 |
||